000 00675nam a2200241 i 4500
001 bgj
100 1 _aDREISER, Theodore
_d(1871-1945)
245 1 0 _aSister Carrie /
_cTheodore Dreiser ; introduction by Kenneth S. Lynn.
260 _aNew York [etc.] :
_bHolt, Rinehart and Winston, Inc.,
_cc. 1957.
300 _aXX, 454 pp ;
_c21 cm.
490 1 _aRinehart Editions
650 9 _aYoung women
650 9 _aMistresses
650 9 _aActresses
650 9 _aPsychological fiction
650 9 _aDidactic fiction
655 _aFiction
830 _aRinehart Editions
040 _cBPK
041 0 _aeng
942 _cKS
008 s uk f |000 0 eng
999 _c47927
_d47927
856 _uhttp://koha.tu.koszalin.pl/cgi-bin/koha/opac-detail.pl?biblionumber=47927
_yKatalog online BPK